| 000 | 01470nam a2200265Ia 4500 | ||
|---|---|---|---|
| 999 |
_c36923 _d36923 |
||
| 001 | 2874 | ||
| 003 | GE_BSU | ||
| 005 | 20211207115830.0 | ||
| 008 | 181216s2001||||ge |||||||||||||| ||geo|| | ||
| 040 | _cGE_BSU | ||
| 041 | _ageo | ||
| 080 | _a339.5 + 339.9 + 339.54 კ–92 | ||
| 100 |
_aკრუგმანი, პოლ _9860 |
||
| 245 |
_aსაერთაშორისო ეკონომიკა : _cინგლ. თარგმნ : მზია თულიანი ; რედ : როზა ფეიქრიშვილი; ფონდი "ღია საზოგადოება-საქართველო". _b თეორია და პოლიტიკა / |
||
| 264 |
_aთბილისი : _bცისარტყელა, _c2000. |
||
| 300 |
_a500გვ . : _bგრაფ.; _c29 სმ. |
||
| 653 | _aსაერთაშორისო ეკონომიკური ურთიერთობები | ||
| 653 | _aსაერთაშორისო ვაჭრობა | ||
| 653 | _aსავაჭრო პოლიტიკა | ||
| 653 | _aეკონომიკა | ||
| 700 |
_aთულიანი, მზია _eმთარგმნელი _9861 |
||
| 700 |
_aფეიქრიშვილი, როზეტა _eრედაქტორი _9862 |
||
| 710 |
_a ფონდი "ღია საზოგადოება-საქართველო". _913187 |
||
| 942 |
_cBK _2udc |
||